Monetary impact of accelerated economic convergence
Problematika menovej integrácie. Vplyv menovej integrácie na ekonomiku krajín. Pristúpenie krajín do politických a hospodárskych zväzov. Výmenný kurz ako stabilizátor v reakcii na asymetrické šoky v krajinách pred vstupom do menovej únie. Prospešné podmienky pri vstupe do menovej únie a vzdaní sa au...
Gespeichert in:
| 1. Verfasser: | |
|---|---|
| Format: | Buchkapitel |
| Sprache: | Englisch |
| Schlagworte: | |
| Tags: |
Keine Tags, Fügen Sie das erste Tag hinzu!
|
MARC
| LEADER | 00000nla a2200000 4500 | ||
|---|---|---|---|
| 001 | 0238880 | ||
| 005 | 20240502073851.3 | ||
| 041 | 0 | |a eng | |
| 044 | |a SK | ||
| 245 | 1 | 0 | |a Monetary impact of accelerated economic convergence |c Martin Hudec |
| 520 | |a Problematika menovej integrácie. Vplyv menovej integrácie na ekonomiku krajín. Pristúpenie krajín do politických a hospodárskych zväzov. Výmenný kurz ako stabilizátor v reakcii na asymetrické šoky v krajinách pred vstupom do menovej únie. Prospešné podmienky pri vstupe do menovej únie a vzdaní sa autonómnej menovej politiky. | ||
| 610 | 2 | 0 | |a únie menové |
| 610 | 2 | 0 | |a konvergencia |
| 610 | 2 | 0 | |a integrácia menová |
| 610 | 2 | 0 | |a Európska únia |
| 610 | 2 | 0 | |a Európsky ekonomický priestor |
| 610 | 2 | 0 | |a hospodárstvo národné |
| 610 | 2 | 0 | |a hospodárstvo otvorené |
| 100 | 1 | |a Hudec, Martin | |